000 003260000a22001450004500
020 _a84-01-42129-2
041 0 _aSPA
082 0 4 _aG 853 M831d
100 1 _aMoravia, Alberto
245 1 0 _aEl desprecio / Alberto Moravia
260 _aBarcelona, España : Plaza y Janés
300 _a251 Pag
001 10958
942 _cBK
999 _c40343
_d40343